[Event "España ch sub-14 2012"]
[Site "Salobreña ESP"]
[Date "2012.07.14"]
[Round "9.13"]
[White "Serra Canals, Oriol"]
[Black "Ventura Bolet, Alexandre"]
[Result "1/2-1/2"]
[WhiteElo "1775"]
[BlackElo "1925"]
[PlyCount "62"]
[EventDate "2012.07.09"]
[EventType "swiss"]
[EventRounds "9"]
[EventCountry "ESP"]
[Source "lmi"]
[SourceDate "2012.07.09"]

1. d4 e6 2. c4 b6 3. a3 Bb7 4. Nc3 f5 5. d5 Na6 6. g3 Nf6 7. Bg2 Nc5 8. Nh3 a5
9. O-O Be7 10. Qc2 O-O 11. Rd1 Qc8 12. Nf4 Re8 13. Be3 Nce4 14. Bd4 Bc5 15.
Bxc5 Nxc5 16. Nb5 Nce4 17. b4 c6 18. dxc6 dxc6 19. Nc3 c5 20. b5 Qc7 21. f3 Nd6
22. Na4 Rad8 23. Rd2 Nc8 24. Rxd8 Qxd8 25. Rd1 Qc7 26. Qd3 Qe5 27. Qc3 Qc7 28.
Qd3 Kf7 29. Kf2 Re7 30. Qc3 Nd6 31. Nd3 Nd7 1/2-1/2

[Event "España ch sub-14 2012"]
[Site "Salobreña ESP"]
[Date "2012.07.14"]
[Round "9.14"]
[White "Ortega Lopez, Mikel"]
[Black "De La Calle Fuentes, Sergio"]
[Result "1-0"]
[WhiteElo "1897"]
[BlackElo "1724"]
[PlyCount "63"]
[EventDate "2012.07.09"]
[EventType "swiss"]
[EventRounds "9"]
[EventCountry "ESP"]
[Source "lmi"]
[SourceDate "2012.07.09"]

1. e4 e5 2. Nf3 d6 3. d4 exd4 4. Nxd4 Nf6 5. Nc3 Be7 6. Bc4 O-O 7. Bb3 Na6 8.
O-O Nc5 9. Re1 Re8 10. h3 h6 11. Qf3 Bf8 12. Bc4 c6 13. Bf4 Ne6 14. Nf5 Nxf4
15. Qxf4 Bxf5 16. Qxf5 Qd7 17. Qf4 Re5 18. Rad1 Rae8 19. Re3 Rg5 20. Rf3 Rge5
21. Re3 Rg5 22. Ne2 Qc7 23. Nd4 Qb6 24. Nf5 d5 25. exd5 Rxe3 26. Nxe3 cxd5 27.
Nxd5 Qxb2 28. Qc7 Kh8 29. Qxf7 Bc5 30. Nxf6 Bxf2+ 31. Kh1 Qxf6 32. Qg8# 1-0

[Event "España ch sub-14 2012"]
[Site "Salobreña ESP"]
[Date "2012.07.14"]
[Round "9.15"]
[White "Domingo Nunez, Ruben"]
[Black "Picazo Gonzalez, Ana"]
[Result "1-0"]
[WhiteElo "1887"]
[BlackElo "1712"]
[PlyCount "51"]
[EventDate "2012.07.09"]
[EventType "swiss"]
[EventRounds "9"]
[EventCountry "ESP"]
[Source "lmi"]
[SourceDate "2012.07.09"]

1. d4 e6 2. Nf3 d5 3. Bf4 c5 4. e3 Nc6 5. c3 Nf6 6. Nbd2 Bd6 7. Bxd6 Qxd6 8.
Be2 b6 9. O-O O-O 10. Re1 Bb7 11. Bd3 e5 12. e4 Rfe8 13. Bb5 Nd7 14. exd5 Qxd5
15. Bc4 Qd6 16. Ne4 Qe7 17. Nfg5 Nd8 18. Qb3 Rf8 19. d5 h6 20. Nf3 Kh8 21. Bb5
f6 22. Nh4 Kh7 23. Nf5 Qf7 24. Ned6 Bxd5 25. Nxf7 Bxb3 26. Nxd8 1-0

[Event "España ch sub-14 2012"]
[Site "Salobreña ESP"]
[Date "2012.07.14"]
[Round "9.16"]
[White "Fernandez Cano, Victor"]
[Black "Cribilles Perez, Carlos"]
[Result "1-0"]
[WhiteElo "1839"]
[BlackElo "1622"]
[PlyCount "101"]
[EventDate "2012.07.09"]
[EventType "swiss"]
[EventRounds "9"]
[EventCountry "ESP"]
[Source "lmi"]
[SourceDate "2012.07.09"]

1. Nf3 Nf6 2. d4 g6 3. Bf4 Bg7 4. e3 O-O 5. Be2 d6 6. h3 Nbd7 7. O-O c5 8. c3
Qb6 9. Qc1 Re8 10. Nbd2 Qc6 11. Bh2 b5 12. dxc5 Qxc5 13. Nb3 Qb6 14. Nfd4 a6
15. Bf3 Bb7 16. Qd1 Ne5 17. Bxb7 Qxb7 18. Bxe5 dxe5 19. Na5 Qc7 20. Ndc6 Red8
21. Qf3 e4 22. Qf4 Qxf4 23. exf4 Rd2 24. Rab1 Nd5 25. Nb3 Re2 26. Rfd1 Nxf4 27.
Ncd4 e5 28. Nxe2 Nxe2+ 29. Kf1 Nf4 30. Nc5 f5 31. Rd7 Bf8 32. Nb3 Nd3 33. g3
Bh6 34. Rd5 Rc8 35. Rd6 Ra8 36. Na5 Bf8 37. Rd5 Kf7 38. Rd7+ Kg8 39. Nc6 Re8
40. a3 Re6 41. Nb4 Nc5 42. Rd5 Kf7 43. Rbd1 Kf6 44. Rd8 Be7 45. Nd5+ Kf7 46.
Nxe7 Kxe7 47. Rh8 h5 48. Rdd8 Kf7 49. h4 Na4 50. Rh7+ Kf6 51. Rf8# 1-0

[Event "España ch sub-14 2012"]
[Site "Salobreña ESP"]
[Date "2012.07.14"]
[Round "9.17"]
[White "Goni Navarro, Pablo"]
[Black "Jane Besora, Jordi"]
[Result "0-1"]
[WhiteElo "1666"]
[BlackElo "1814"]
[PlyCount "54"]
[EventDate "2012.07.09"]
[EventType "swiss"]
[EventRounds "9"]
[EventCountry "ESP"]
[Source "lmi"]
[SourceDate "2012.07.09"]

1. e4 d5 2. exd5 Qxd5 3. Nc3 Qd6 4. d4 Nf6 5. Nf3 a6 6. g3 Bg4 7. Bg2 Nc6 8.
Be3 O-O-O 9. O-O e6 10. h3 Bh5 11. Ne2 Nd5 12. Bd2 Nb6 13. Nf4 Bxf3 14. Qxf3
Qxd4 15. Bc3 Qc4 16. b3 Qc5 17. a4 e5 18. Ne2 Nd5 19. Qf5+ Kb8 20. Bxe5 g6 21.
Qe4 f5 22. Qxd5 Rxd5 23. Bxh8 Rd2 24. Nf4 Bd6 25. Nd3 Qxc2 26. Bxc6 Qxd3 27.
Bg2 Bxg3 0-1

[Event "España ch sub-14 2012"]
[Site "Salobreña ESP"]
[Date "2012.07.14"]
[Round "9.18"]
[White "Munoz Pelaez, Manuel"]
[Black "Orantes Taboada, Francisco"]
[Result "1-0"]
[WhiteElo "1805"]
[BlackElo "1688"]
[PlyCount "79"]
[EventDate "2012.07.09"]
[EventType "swiss"]
[EventRounds "9"]
[EventCountry "ESP"]
[Source "lmi"]
[SourceDate "2012.07.09"]

1. e4 c5 2. Nf3 Nc6 3. d4 cxd4 4. Nxd4 e5 5. Nb5 a6 6. Nd6+ Bxd6 7. Qxd6 Qf6 8.
Qxf6 Nxf6 9. Nc3 Nb4 10. Kd2 d5 11. a3 d4 12. axb4 dxc3+ 13. Ke3 cxb2 14. Bxb2
O-O 15. f3 Re8 16. Be2 Bd7 17. Rhd1 Rad8 18. Ra5 Be6 19. Rxd8 Rxd8 20. Bxe5 Nd7
21. Bd4 Rc8 22. c3 f6 23. f4 Kf8 24. g4 h6 25. h4 Kf7 26. g5 hxg5 27. hxg5 fxg5
28. Rxg5 Nf6 29. f5 Bc4 30. Bxc4+ Rxc4 31. e5 Nd5+ 32. Kd3 Rc7 33. e6+ Kg8 34.
Ke4 Nxc3+ 35. Bxc3 Rxc3 36. f6 Rc7 37. f7+ Kf8 38. Rh5 Ke7 39. Rh8 Rc4+ 40. Ke5
1-0

[Event "España ch sub-14 2012"]
[Site "Salobreña ESP"]
[Date "2012.07.14"]
[Round "9.19"]
[White "Zhynguel Ramirez De Verger, Ale"]
[Black "Gomez Dieguez, Adrian"]
[Result "1/2-1/2"]
[WhiteElo "1650"]
[BlackElo "1801"]
[PlyCount "71"]
[EventDate "2012.07.09"]
[EventType "swiss"]
[EventRounds "9"]
[EventCountry "ESP"]
[Source "lmi"]
[SourceDate "2012.07.09"]

1. d4 Nf6 2. Bf4 c5 3. e3 Qb6 4. b3 e6 5. Nf3 Nc6 6. c3 Nd5 7. Bg3 Qa5 8. Qc2
f5 9. Bd3 Ncb4 10. Qd2 Nxd3+ 11. Qxd3 Be7 12. dxc5 Qxc5 13. Be5 O-O 14. Qd4
Qxd4 15. Bxd4 b6 16. c4 Nb4 17. Kd2 Bb7 18. Nc3 g5 19. Rhg1 Nc6 20. Ne2 Nxd4
21. Nexd4 g4 22. Ne1 e5 23. Nb5 d5 24. Nc7 Bb4+ 25. Ke2 Rac8 26. Nxd5 Bxd5 27.
cxd5 Rfd8 28. Rd1 Rc5 29. f3 Rcxd5 30. Nd3 Bc3 31. e4 fxe4 32. fxe4 Ra5 33. Nc1
Bd4 34. Rgf1 Rc8 35. Rd2 Kg7 36. Nd3 1/2-1/2

[Event "España ch sub-14 2012"]
[Site "Salobreña ESP"]
[Date "2012.07.14"]
[Round "9.20"]
[White "Garcia Porlan, Beatriz"]
[Black "Santamaria Fernandez, Guillermo"]
[Result "1-0"]
[WhiteElo "1787"]
[BlackElo "1595"]
[PlyCount "49"]
[EventDate "2012.07.09"]
[EventType "swiss"]
[EventRounds "9"]
[EventCountry "ESP"]
[Source "lmi"]
[SourceDate "2012.07.09"]

1. e4 e6 2. d4 d5 3. Nc3 dxe4 4. Nxe4 Bd7 5. Nf3 Bc6 6. Ned2 Nf6 7. c3 Nbd7 8.
Bd3 Be7 9. O-O O-O 10. Re1 h6 11. Bb1 Bxf3 12. Nxf3 c6 13. Bf4 c5 14. Qc2 cxd4
15. Nxd4 Qa5 16. Nf3 Rfd8 17. Qe2 Nb6 18. Ne5 Bd6 19. Nxf7 Bxf4 20. Qxe6 Rf8
21. Ne5+ Kh8 22. Ng6+ Kh7 23. Nxf8+ Kh8 24. Ng6+ Kh7 25. Nxf4+ 1-0

[Event "España ch sub-14 2012"]
[Site "Salobreña ESP"]
[Date "2012.07.14"]
[Round "9.21"]
[White "Perez Tores, Juan Miguel"]
[Black "Dominguez Fernandez, Angel"]
[Result "1/2-1/2"]
[WhiteElo "1834"]
[BlackElo "1673"]
[PlyCount "66"]
[EventDate "2012.07.09"]
[EventType "swiss"]
[EventRounds "9"]
[EventCountry "ESP"]
[Source "lmi"]
[SourceDate "2012.07.09"]

1. e4 e5 2. Nf3 Nc6 3. d4 exd4 4. Nxd4 Nf6 5. Nc3 Bb4 6. Nxc6 bxc6 7. Bd3 h6 8.
O-O O-O 9. Ne2 Re8 10. Ng3 d6 11. a4 a5 12. h3 Bc5 13. c3 Be6 14. Kh1 Qc8 15.
Kh2 d5 16. e5 Nh7 17. f4 f5 18. Qc2 Rf8 19. Bd2 Be7 20. b4 c5 21. bxc5 Bxc5 22.
c4 d4 23. Rab1 c6 24. Qb2 Qa6 25. Qc2 g6 26. Ne2 h5 27. g4 hxg4 28. hxg4 Qc8
29. Ng3 Rf7 30. g5 Qf8 31. Ne2 Rd7 32. Kg3 Qd8 33. Rb3 Qe7 1/2-1/2

[Event "España ch sub-14 2012"]
[Site "Salobreña ESP"]
[Date "2012.07.14"]
[Round "9.22"]
[White "Castellet Menchon, Cora"]
[Black "Mari Copa, Adria"]
[Result "0-1"]
[WhiteElo "1823"]
[BlackElo "1658"]
[PlyCount "143"]
[EventDate "2012.07.09"]
[EventType "swiss"]
[EventRounds "9"]
[EventCountry "ESP"]
[Source "lmi"]
[SourceDate "2012.07.09"]

1. d4 Nf6 2. c4 c5 3. d5 e6 4. Nc3 exd5 5. cxd5 d6 6. Bf4 a6 7. a4 g6 8. Qb3
Qc7 9. e3 Bg7 10. Nf3 O-O 11. h3 Nh5 12. Bh2 Re8 13. Be2 Nd7 14. Nd2 Nhf6 15.
Nc4 Bf8 16. a5 Rb8 17. Nb6 Nxb6 18. axb6 Qd8 19. O-O Nd7 20. Na4 Qg5 21. Bf4
Qd8 22. Bf3 Ne5 23. Be2 Bd7 24. Nc3 g5 25. Bg3 Ng6 26. Na4 Ne5 27. Nc3 Ng6 28.
Rfe1 Qc8 29. Qd1 Qd8 30. Bg4 f5 31. Bh5 Qxb6 32. Bxg6 hxg6 33. Qd2 Qd8 34. Ne2
Qf6 35. f4 Bh6 36. fxg5 Bxg5 37. Nf4 Bxf4 38. exf4 Rxe1+ 39. Rxe1 Re8 40. Rxe8+
Bxe8 41. Qe2 Bf7 42. Qd2 Qd4+ 43. Qxd4 cxd4 44. Bf2 d3 45. Kf1 Bxd5 46. g3 Bg2+
47. Ke1 Bxh3 48. Kd2 Bf1 49. Be3 Kf7 50. Kc3 Ke6 51. Kd4 Kd7 52. Kd5 Bg2+ 53.
Kd4 Be4 54. g4 Kc6 55. gxf5 gxf5 56. Bd2 Kb5 57. Kc3 a5 58. b3 Kc5 59. Be3+ Kd5
60. Bb6 Bf3 61. Bxa5 Ke4 62. Kd2 Be2 63. Bc7 Kxf4 64. Bxd6+ Ke4 65. Bc5 f4 66.
Ke1 Kd5 67. Bf2 Kc6 68. b4 Kb5 69. Bc5 Kc4 70. Kd2 f3 71. Ke3 Kc3 72. Ke4 0-1

[Event "España ch sub-14 2012"]
[Site "Salobreña ESP"]
[Date "2012.07.14"]
[Round "9.23"]
[White "Centron Antuna, Daniel"]
[Black "Alonso Gonzalez, Miguel"]
[Result "0-1"]
[WhiteElo "1655"]
[BlackElo "1813"]
[PlyCount "84"]
[EventDate "2012.07.09"]
[EventType "swiss"]
[EventRounds "9"]
[EventCountry "ESP"]
[Source "lmi"]
[SourceDate "2012.07.09"]

1. d4 Nf6 2. c4 g6 3. Nc3 Bg7 4. Nf3 O-O 5. Bf4 d6 6. e3 Nbd7 7. h3 c5 8. Be2
cxd4 9. exd4 Nb6 10. O-O Be6 11. b3 Bf5 12. Nh4 Ne4 13. Nxe4 Bxe4 14. Nf3 Re8
15. Bh2 e5 16. dxe5 dxe5 17. Qxd8 Raxd8 18. Rad1 f6 19. Rxd8 Rxd8 20. Rd1 Rxd1+
21. Bxd1 Bh6 22. Kf1 Bb1 23. a4 Nd7 24. Ke2 Nc5 25. b4 Bd3+ 26. Ke1 Ne4 27. c5
Bc1 28. Bb3+ Kf8 29. Bd5 Ba3 30. b5 Bb4+ 31. Kd1 Nc3+ 32. Kd2 e4 33. Bd6+ Ke8
34. c6 Nxd5+ 35. Bxb4 bxc6 36. Bc5 exf3 37. gxf3 Bc4 38. bxc6 a6 39. Bd6 Bf1
40. h4 Nb6 41. Ke1 Bg2 42. Ke2 Nxa4 0-1

[Event "España ch sub-14 2012"]
[Site "Salobreña ESP"]
[Date "2012.07.14"]
[Round "9.24"]
[White "Ruperez Benito, Antonio"]
[Black "Perez Gisbert, Santiago"]
[Result "1-0"]
[WhiteElo "1812"]
[BlackElo "1623"]
[PlyCount "97"]
[EventDate "2012.07.09"]
[EventType "swiss"]
[EventRounds "9"]
[EventCountry "ESP"]
[Source "lmi"]
[SourceDate "2012.07.09"]

1. e4 e6 2. b3 d5 3. Bb2 c5 4. exd5 exd5 5. d4 Nf6 6. Bb5+ Bd7 7. Bd3 Nc6 8.
Ne2 Bd6 9. dxc5 Bxc5 10. O-O O-O 11. Ng3 Ng4 12. Qf3 Qh4 13. h3 Nge5 14. Qh5
Qxh5 15. Nxh5 Rfe8 16. Nc3 Be6 17. Nf4 Rad8 18. Rad1 a6 19. Ncxd5 Bxd5 20. Nxd5
Rxd5 21. Bxh7+ Kxh7 22. Rxd5 b6 23. a3 a5 24. Kh1 Ng6 25. Rd2 Re6 26. g3 Nge7
27. Kg2 Nf5 28. Rfd1 Na7 29. Rd7 Re2 30. R1d2 Rxd2 31. Rxd2 Nb5 32. g4 Nh4+ 33.
Kg3 Ng6 34. a4 Nd6 35. f3 f6 36. Bd4 Bxd4 37. Rxd4 Nc8 38. c3 Ne5 39. Rd8 Ne7
40. Rb8 Nd5 41. c4 Nb4 42. Rxb6 Nec6 43. Kf4 Nd4 44. c5 Nxb3 45. Rb5 Nd3+ 46.
Ke4 Ndxc5+ 47. Kd5 Nxa4 48. Rxb3 Kg6 49. Ke4 1-0